Statystyki dla Polscy multimedaliści igrzysk olimpijskich

Kliknij tutaj aby rozwiązać quiz!

Ogólne statystyki

  • Ten quiz został rozwiązany 51 razy
  • Średni wynik to 6 z 8

Statystyki odpowiedzi

PodpowiedźOdpowiedź% Poprawnych
Skoki NarciarskieAdam Małysz
100%
Skoki narciarskieKamil Stoch
98%
Biegi NarciarskieJustyna Kowalczyk
90%
PływanieOtylia Jędrzejczak
90%
LekkoatletykaAnita Włodarczyk
78%
LekkoatletykaIrena Szewińska
76%
LekkoatletykaRobert Korzeniowski
24%
SzermierkaWitold Woyda
24%

Rozkład punktacji

Percentyl według liczby udzielonych odpowiedzi

Procent ludzi z każdym wynikiem

Twoja historia wyników

Nie rozwiązałeś tego quizu